Normal view
MARC view
- روما - تاريخ - بيزنطة - تاريخ
Entry Topical Term
001 - CONTROL NUMBER
- control field: 18821
003 - CONTROL NUMBER IDENTIFIER
- control field: JO-AjAnu
005 - DATE AND TIME OF LATEST TRANSACTION
- control field: 20230606073310.0
008 - FIXED-LENGTH DATA ELEMENTS
- fixed length control field: 230606|| aca||aabn | a|a d
040 ## - CATALOGING SOURCE
- Original cataloging agency: JO-AjAnu
- Transcribing agency: JO-AjAnu
150 ## - HEADING--TOPICAL TERM
- Topical term or geographic name entry element: روما - تاريخ - بيزنطة - تاريخ
670 ## - SOURCE DATA FOUND
- Source citation: Work cat.: (JO-AjAnu)9659: عبيد، إسحاق تاوضروس, author 18820, روما وبيزنطة من قطيعة فوشيوس حتى الغزو اللاتيني لمدينة قسطنطين 869-1204